Religion Quiz

Random Religion or Church Quiz

Slideshow: Saints in Art Quiz Stats

Quiz not verified by Sporcle

Also try: Gods in Art
Challenge
Share
Tweet
Score 0/20 Timer 05:00
0 Plays Today
% Correct
St. Joan of Arc
91.7%
St. George
84.1%
St. Francis of Assisi
83%
St. Nicholas
77.6%
St. Peter
76.3%
St. John the Baptist
75.5%
St. Sebastian
54.6%
St. Michael
54.6%
St. Mark
49.7%
St. Patrick
47%
% Correct
St. Andrew
44.4%
St. Luke
42.1%
St. Jerome
42%
St. Paul
38.4%
St. Christopher
37.8%
St. Teresa of Avila
37%
St. Catherine of Siena
29.1%
St. Cecilia
28.6%
St. Anthony
16.9%
St. Clare
13.8%

You're not logged in!

Compare scores with friends on all Sporcle quizzes.
Sign Up with Email
OR
Log In

You Might Also Like...

Show Comments

Extras

Top Quizzes Today


Score Distribution

Your Account Isn't Verified!

In order to create a playlist on Sporcle, you need to verify the email address you used during registration. Go to your Sporcle Settings to finish the process.